• 首页
  • 本馆介绍
  • 公告通知
  • 最新文献
  • 馆藏检索
  • 电子资源
  • 读者导购
  • 参考咨询
  • 我的图书馆
  • 登录
  • 详细信息显示
  • 放入我的书架
  • 预约/预借图书
  • 作者相关作品
  • 分类相关作品
  • 丛书相关作品
  • 出版社相关作品

书目信息

  • 表格格式
  • 工作单格式
  • 卡片格式
题名:
第四次住房革命
    
 
作者: 郑大清 著
分册:  
出版信息: 北京   新华出版社  2021.4
页数: 12,439页
开本: 29cm
丛书名:
单 册:
中图分类: TU201.5
科图分类:
主题词: 生态建筑--建筑设计--研究
电子资源:
ISBN: 978-7-5166-4579-6
000 01105nam0 2200277 45
001 012001000879
005 20130912092006.0
010    @a978-7-5166-4579-6@dCNY198.00
100    @a20200518d2019 em y0chiy50 ea
101 0  @achi@aeng
102    @aCN@b110000
105    @aa z 000yy
106    @ar
200 1  @a第四次住房革命@Adi si ci zhu fang ge ming@b专著@dThe fourth housing revolution@e第四代住房设计大全@f郑大清著@zeng
210    @a北京@c新华出版社@d2021.4
215    @a12,439页@c图,照片@d29cm
300    @a并列题名:Fourth housing revolution
300    @a其他题名:第四代住房设计大全
330    @a本书不仅描述了国际国内目前绿色建筑的现状,并提供了该领域由郑大清自己注册登记的最前沿的发明专利文本,同时登记了大量的实施例户型图、设计图、效果图、规划图,以及与建筑物配套的电梯等设施设备的介绍。
510 1  @aFourth housing revolution@zeng
517 1  @a第四代住房设计大全@Adi si dai zhu fang she ji da quan
606 0  @a生态建筑@x建筑设计@x研究
690    @aTU201.5@v5
701  0 @a郑大清@Azheng da qing@4著
801  0 @aCN@bBJSDL@c20211011
905    @b1336088-91@dTU201.5@e1955@f4
    
    第四次住房革命=The fourth housing revolution:第四代住房设计大全/郑大清著.-北京:新华出版社,2021.4
    12,439页:图,照片;29cm
    并列题名:Fourth housing revolution.-其他题名:第四代住房设计大全
    
    ISBN 978-7-5166-4579-6:CNY198.00
    本书不仅描述了国际国内目前绿色建筑的现状,并提供了该领域由郑大清自己注册登记的最前沿的发明专利文本,同时登记了大量的实施例户型图、设计图、效果图、规划图,以及与建筑物配套的电梯等设施设备的介绍。
●
相关链接 在E读中查询图书 在五车中查询图书 在当当中查询图书 在豆瓣中查询图书


正题名:第四次住房革命     索取号:TU201.5/1955         预约/预借

序号 登录号 条形码 馆藏地/架位号 状态 备注
1 1336088   213360888   第二样本阅览室/ [索取号:TU201.5/1955] 在馆    
2 1336089   213360897   第三借阅区/ [索取号:TU201.5/1955] 在馆    
3 1336090   213360904   第三借阅区/ [索取号:TU201.5/1955] 在馆    
4 1336091   213360913   第三借阅区/ [索取号:TU201.5/1955] 在馆    
唐山师范学院图书馆 欢迎您!
大连网信软件有限公司© 版权所有